000 00768nam a2200241 4500
001 113312
003 ES-MaACL
005 20231226211012.0
007 t|
008 061121s1973 sp r ||||1| spa d
020 _a84-358-0052-0
080 _a32 Primo de Rivera, José Antonio
080 _a329.183
100 1 _aNin de Cardona, José María.
_985749
245 1 0 _aJosé Antonio, la posibilidad política truncada /
_cJosé María Nin de Cardona.
250 _a1ª ed.
260 _aMadrid :
_bOrganización Sala,
_c1973.
300 _aXX, 251 p. ;
_c17 cm.
600 1 4 _aPrimo de Rivera, José Antonio,
_d1903-1936
_9142533
610 2 4 _aFalange Española de las J.O.N.S. (1934-1937)
_9171689
852 _aES-MaACL
_jC-55010
999 _c113312
_d113312